Catalog

Record Details

Catalog Search



Hocus pocus & the all-new sequel / written by A.W. ... Read More

Jantha, A. W.,(author.).
Griffin, Matt,(illustrator.).

Available copies

  • 1 of 1 copy available at LARL/NWRL Consortium.
  • 1 of 1 copy available at Lake Agassiz Regional Library. (Show preferred library)

Current holds

0 current holds with 1 total copy.

Show Only Available Copies
Location Call Number / Copy Notes Barcode Shelving Location Status Due Date
Moorhead Public Library Y JAN (Text) 33500012794897 Main Available -

Record details

  • ISBN: 9781368020039
  • ISBN: 1368020038
  • Physical Description: 521 pages : illustrations, maps ; 22 cm
  • Edition: First hardcover edition.
  • Publisher: Los Angeles : Freeform Books, 2018.

Content descriptions

General Note:
"Witch, please"--Cover.
"Based on the screenplay by Mick Garris and Neil Cuthbert; story by David Kirschner and Mick ... Read More
Summary, etc.:
"Hocus Pocus is beloved by Halloween enthusiasts ... Read More
Subject: Witches > Massachusetts > Salem > Juvenile fiction.
Brothers and sisters > Juvenile fiction.
Resurrection > Juvenile fiction.
Salem (Mass.) > Juvenile fiction.
Halloween > Juvenile fiction.
Humorous stories.
Witches > Fiction.
Brothers and sisters > Fiction.
Resurrection > Fiction.
Salem (Mass.) > Fiction.
Halloween > Fiction.
Resurrection.
Humorous stories.
Young adult fiction.
Brothers and sisters > Fiction.
Massachusetts > Salem.
Brothers and sisters.
Humorous stories.
Resurrection.
Witches.
Massachusetts > Salem.
YOUNG ADULT FICTION / Humorous / Black Comedy.
YOUNG ADULT FICTION / Fantasy / Wizards & Witches.
YOUNG ADULT FICTION / Action & Adventure / General.
Witches > Fiction.
Halloween > Fiction.
Salem (Mass.) > Fiction.
Genre: Fantasy fiction.
Paranormal fiction.
Humorous fiction.
Fantasy fiction.
Fiction.
Paranormal fiction.
Fantasy fiction.
Paranormal fiction.
Movie novels.
Movie novels.
LDR 04501cam a2200853Ii 4500
001299413
003LARL_NWRL_CONSORTIUM
00520181005123112.0
008180216s2018 cauab d 000 1 eng d
010 . ‡a 2018933318
040 . ‡aETC ‡beng ‡erda ‡cETC ‡dYDX ‡dBDX ‡dOCP ‡dFMB ‡dCLE ‡dTXCVP ‡dOCLCF ‡dCHY ‡dFOLLT ‡dDEERP ‡dTCH ‡dFLQ ‡dHQD
019 . ‡a1023492902
020 . ‡a9781368020039 ‡q(hardcover)
020 . ‡a1368020038 ‡q(hardcover)
035 . ‡a(OCoLC)1037891071 ‡z(OCoLC)1023492902
043 . ‡an-us-ma
08204. ‡a[Fic] ‡223
1001 . ‡aJantha, A. W., ‡eauthor.
24510. ‡aHocus pocus & the all-new sequel / ‡cwritten by A.W. Jantha ; illustrations by Matt Griffin.
2463 . ‡aHocus pocus and the all new sequel
2461 . ‡iTitle appears on item as: ‡aDisney hocus pocus & the all-new sequel
250 . ‡aFirst hardcover edition.
264 1. ‡aLos Angeles : ‡bFreeform Books, ‡c2018.
300 . ‡a521 pages : ‡billustrations, maps ; ‡c22 cm
336 . ‡atext ‡btxt ‡2rdacontent
337 . ‡aunmediated ‡bn ‡2rdamedia
338 . ‡avolume ‡bnc ‡2rdacarrier
500 . ‡a"Witch, please"--Cover.
500 . ‡a"Based on the screenplay by Mick Garris and Neil Cuthbert; story by David Kirschner and Mick Garris."
520 . ‡a"Hocus Pocus is beloved by Halloween enthusiasts all over the world. Diving once more into the world of witches, this electrifying two-part young adult novel, released on the twenty-fifth anniversary of the 1993 film, marks a new era of Hocus Pocus. Fans will be spellbound by a fresh retelling of the original film, followed by the all-new sequel that continues the story with the next generation of Salem teens. Shortly after moving from California to Salem, Massachusetts, Max Dennison finds himself in hot water when he accidentally releases a coven of witches, the Sanderson sisters, from the afterlife. Max, his sister, and his new friends (human and otherwise) must find a way to stop the witches from carrying out their evil plan and remaining on earth to torment Salem for all eternity. Twenty-five years later, Max and Allison's seventeen-year-old daughter, Poppy, finds herself face-to-face with the Sanderson sisters in all their sinister glory. When Halloween celebrations don't quite go as planned, it's a race against time as Poppy and her friends fight to save her family and all of Salem from the witches' latest death-defying scheme." -- Amazon.
650 0. ‡aWitches ‡zMassachusetts ‡zSalem ‡vJuvenile fiction.
650 0. ‡aBrothers and sisters ‡vJuvenile fiction. ‡0(LARL_NWRL_CONSORTIUM)163775
650 0. ‡aResurrection ‡vJuvenile fiction.
651 0. ‡aSalem (Mass.) ‡vJuvenile fiction.
650 0. ‡aHalloween ‡vJuvenile fiction. ‡0(LARL_NWRL_CONSORTIUM)165543
650 0. ‡aHumorous stories. ‡0(LARL_NWRL_CONSORTIUM)22555
650 1. ‡aWitches ‡vFiction. ‡0(LARL_NWRL_CONSORTIUM)168002
650 1. ‡aBrothers and sisters ‡vFiction. ‡0(LARL_NWRL_CONSORTIUM)163634
650 1. ‡aResurrection ‡vFiction.
651 1. ‡aSalem (Mass.) ‡vFiction. ‡0(LARL_NWRL_CONSORTIUM)168819
650 1. ‡aHalloween ‡vFiction. ‡0(LARL_NWRL_CONSORTIUM)165596
650 4. ‡aResurrection. ‡0(LARL_NWRL_CONSORTIUM)29752
650 4. ‡aHumorous stories. ‡0(LARL_NWRL_CONSORTIUM)22555
650 4. ‡aYoung adult fiction. ‡0(LARL_NWRL_CONSORTIUM)35107
650 4. ‡aBrothers and sisters ‡xFiction.
651 4. ‡aMassachusetts ‡vSalem.
650 7. ‡aBrothers and sisters. ‡2fast ‡0(LARL_NWRL_CONSORTIUM)175905
650 7. ‡aHumorous stories. ‡2fast ‡0(LARL_NWRL_CONSORTIUM)22555
650 7. ‡aResurrection. ‡2fast ‡0(LARL_NWRL_CONSORTIUM)29752
650 7. ‡aWitches. ‡2fast ‡0(LARL_NWRL_CONSORTIUM)176235
651 7. ‡aMassachusetts ‡zSalem. ‡2fast
650 7. ‡aYOUNG ADULT FICTION / Humorous / Black Comedy. ‡2bisacsh
650 7. ‡aYOUNG ADULT FICTION / Fantasy / Wizards & Witches. ‡2bisacsh
650 7. ‡aYOUNG ADULT FICTION / Action & Adventure / General. ‡2bisacsh
650 7. ‡aWitches ‡vFiction. ‡2sears ‡0(LARL_NWRL_CONSORTIUM)168002
650 7. ‡aHalloween ‡vFiction. ‡2sears ‡0(LARL_NWRL_CONSORTIUM)165596
651 7. ‡aSalem (Mass.) ‡vFiction. ‡2sears ‡0(LARL_NWRL_CONSORTIUM)168819
655 7. ‡aFantasy fiction. ‡2lcgft
655 7. ‡aParanormal fiction. ‡2lcgft
655 7. ‡aHumorous fiction. ‡2lcgft
655 7. ‡aFantasy fiction. ‡2fast
655 7. ‡aFiction. ‡2fast
655 7. ‡aParanormal fiction. ‡2fast
655 7. ‡aFantasy fiction. ‡2gsafd
655 7. ‡aParanormal fiction. ‡2gsafd
655 7. ‡aMovie novels. ‡2unknown
655 7. ‡aMovie novels. ‡2sears
7001 . ‡aGriffin, Matt, ‡eillustrator.
7300 . ‡iAdaptation of (work): ‡aHocus Pocus (Motion picture)
905 . ‡uvanderl
901 . ‡a299413 ‡b ‡c299413 ‡tbiblio ‡soclc

Additional Resources